[Event "Varna op 7th"]
[Site "Varna"]
[Date "2013.06.22"]
[Round "4"]
[White "Petrov, Martin"]
[Black "Malinina, Alina"]
[Result "1-0"]
[WhiteElo "1990"]
[BlackElo "1520"]
[PlyCount "71"]
[EventDate "2013.06.19"]
[EventType "swiss"]
[EventRounds "9"]
[EventCountry "BUL"]
[SourceTitle "CBM 155 Extra"]
[Source "ChessBase"]
[SourceDate "2013.08.26"]
[SourceVersion "1"]
[SourceVersionDate "2013.08.26"]
[SourceQuality "1"]

1. e4 e5 2. Nf3 Nc6 3. Nc3 Nf6 4. d4 exd4 5. Nxd4 Bb4 6. Nxc6 bxc6 7. Bd3 d5 8. exd5 cxd5 9. 0-0 0-0 10. Bg5 c6 11. Qf3 Be7 12. Rae1 Rb8 13. Na4 Be6 14. b3 Qc7 15. h3 h6 16. Bf4 Bd6 17. Bxh6 Rb4 18. Bg5 Nh7 19. Qh5 Nxg5 20. Qxg5 Be7 21. Qe3 Bd6 22. Nc5 Bxc5 23. Qxc5 Rh4 24. Re3 Rb8 25. c3 Rf8 26. Rfe1 Qd7 27. Bc2 Rb8 28. Bd3 Rf8 29. f4 Rb8 30. f5 Bxf5 31. Re7 Qc8 32. Re8+ Qxe8 33. Rxe8+ Rxe8 34. Bxf5 Rf4 35. Qxc6 Re1+ 36. Kh2 1-0